Rapport de la section espagnole de la sous-commision lusitano-hispanica pour le coloris des cartes géologiques. (Record no. 153232)
[ view plain ]
| 000 -LEADER | |
|---|---|
| campo de control de longitud fija | 01201nam a2200205 i 4500 |
| 001 - NÚMERO DE CONTROL | |
| campo de control | 153232 |
| 003 - IDENTIFICADOR DE NÚMERO DE CONTROL | |
| campo de control | ES-MaACL |
| 005 - FECHA Y HORA DE LA ÚLTIMA TRANSACCIÓN | |
| campo de control | 20231222185938.0 |
| 008 - DATOS DE LONGITUD FIJA--INFORMACIÓN GENERAL | |
| campo de control de longitud fija | 051013s1881 sp |||| | fre d |
| 245 00 - MENCIÓN DEL TÍTULO | |
| Título | Rapport de la section espagnole de la sous-commision lusitano-hispanica pour le coloris des cartes géologiques. |
| 260 ## - PUBLICACIÓN, DISTRIBUCIÓN, ETC. | |
| Lugar de publicación, distribución, etc. | Madrid : |
| Nombre del editor, distribuidor, etc. | [s.n.], |
| Fecha de publicación, distribución, etc. | 1881 ( |
| Fabricante | Imp. de Gregoire Juste) |
| 300 ## - DESCRIPCIÓN FÍSICA | |
| Extensión | 16 p. ; |
| Dimensiones | 22 cm. |
| 505 8# - NOTA DE CONTENIDO CON FORMATO | |
| Nota de contenido con formato | Contiene: 1ère partie ; |
| Título | Roches sedimentaires ou estratifiées au soins / |
| Mención de responsabilidad | Federico de Botella y de Hornos - 2e partie. -- |
| Título | Roches massives ou non estratifiées au soins / |
| Mención de responsabilidad | J. Mac-Pherson |
| 650 04 - PUNTO DE ACCESO ADICIONAL DE MATERIA--TÉRMINO DE MATERIA | |
| Término de materia o nombre geográfico como elemento de entrada | Geología- |
| Subdivisión geográfica | España- |
| Subdivisión de forma | Mapas. |
| 9 (RLIN) | 13090 |
| 700 1# - ENTRADA AGREGADA--NOMBRE PERSONAL | |
| Nombre de persona | Mac-Pherson, J. ( |
| Fechas asociadas al nombre | 1839-1902) |
| 9 (RLIN) | 75045 |
| 700 1# - ENTRADA AGREGADA--NOMBRE PERSONAL | |
| Nombre de persona | Botella y de Hornos, Federico de, |
| Fechas asociadas al nombre | 1822-1899 |
| 9 (RLIN) | 30760 |
| 852 ## - LOCALIZACIÓN | |
| Ubicación | ES-MaACL |
| Número de control de estantería | B-7464(5) |
| Nota libre | - Enc.- hol. con puntas, conservando la enc. original |
| -- | .- Legado de Federico de Botella y de Hornos |
| 852 ## - LOCALIZACIÓN | |
| Ubicación | ES-MaACL |
| Número de control de estantería | T-1104-F-6 |
| Nota libre | - Enc. hol., conservando la enc. rúst. |
| -- | . - Legado de Federico de Botella y de Hornos |
| -- | - Enc. en un vol. facticio |
| -- | Enc. con una h. de lám. pleg.: "Indication des couleurs et signes conventionels" |
| Estatus retirado | Estado de pérdida | Estado de daño | No para préstamo | Colección | Biblioteca de origen | Biblioteca actual | Ubicación en estantería | Fecha de adquisición | Fuente de adquisición | Total de préstamos | Signatura topográfica completa | Código de barras | Visto por última vez | Precio de reemplazo | Tipo de ítem Koha |
|---|---|---|---|---|---|---|---|---|---|---|---|---|---|---|---|
| Colección de folletos | Biblioteca del Ateneo de Madrid | Biblioteca del Ateneo de Madrid | Depósito folletos | 17/01/2008 | T-1104-F-6 | 1160119 | 23/02/2023 | 23/02/2023 | Folleto | ||||||
| Libros del s. XIX | Biblioteca del Ateneo de Madrid | Biblioteca del Ateneo de Madrid | Sala Pardo Bazán | 17/01/2008 | B-7464(5) | 1160118 | 23/02/2023 | 23/02/2023 | Libro impreso antiguo |
